[Event "IRI-ch U18"]
[Site "Chess.com INT"]
[Date "2021.01.26"]
[Round "6"]
[White "Heydari, Mohammad Masoud"]
[Black "Mohammadi Azar, Soheil"]
[Result "1-0"]
[WhiteElo "1854"]
[BlackElo "1321"]
[PlyCount "153"]
[EventDate "2021.01.26"]
[EventType "swiss"]
[EventRounds "9"]
[EventCountry "IRI"]
[SourceTitle "CBM 200 Extra"]
[Source "ChessBase"]
[SourceDate "2021.03.31"]
[SourceVersion "1"]
[SourceVersionDate "2021.03.31"]
[SourceQuality "1"]

1. d4 d5 2. Nf3 Nf6 3. e3 e6 4. Bd3 b6 5. Nbd2 Bb7 6. 0-0 Nbd7 7. b3 Bd6 8. Bb2 0-0 9. c4 c5 10. Rc1 Rc8 11. Ne5 Qc7 12. f4 Bxe5 13. fxe5 Ne4 14. Nxe4 dxe4 15. Bb1 f6 16. exf6 Rxf6 17. Qg4 Rg6 18. Qf4 Qxf4 19. Rxf4 Rf8 20. Rcf1 Rxf4 21. Rxf4 cxd4 22. exd4 Nf6 23. g3 Rg4 24. Rf1 h5 25. Rf4 Rxf4 26. gxf4 Kf7 27. h3 Ke7 28. Kf2 Kf7 29. Ke3 Kg6 30. Bc1 Kf5 31. Bd2 h4 32. Be1 Nh5 33. Bxh4 Nxf4 34. Be7 Nxh3 35. Bc2 g5 36. c5 bxc5 37. dxc5 g4 38. Bd6 e5 39. Be7 g3 40. Bh4 g2 41. Bf2 Nxf2 42. Kxf2 Kf4 43. Kxg2 e3+ 44. Kf1 e4 45. Ke2 Ba6+ 46. Ke1 Ke5 47. b4 Bd3 48. Bb3 Bb5 49. a4 Be8 50. b5 Kd4 51. c6 Kc5 52. Be6 Bxc6 53. bxc6 Kxc6 54. Ke2 Kd6 55. Bb3 Ke5 56. Kxe3 a5 57. Bc2 Kd5 58. Bxe4+ Kc4 59. Bc6 Kc5 60. Bb5 Kb4 61. Kd4 Kb3 62. Kc5 Ka3 63. Kb6 Kb4 64. Ka6 Kc5 65. Kxa5 Kd6 66. Kb6 Kd5 67. a5 Kd4 68. a6 Kc3 69. a7 Kb4 70. a8Q Kc3 71. Qf3+ Kd2 72. Qd3+ Kc1 73. Qe2 Kb1 74. Ka5 Ka1 75. Kb4 Kb1 76. Kb3 Kc1 77. Qc2# 1-0

[Event "IRI-ch U18"]
[Site "Chess.com INT"]
[Date "2021.01.26"]
[Round "4"]
[White "Jafari, Parsa"]
[Black "Mohammadi Azar, Soheil"]
[Result "1-0"]
[WhiteElo "1666"]
[BlackElo "1321"]
[PlyCount "85"]
[EventDate "2021.01.26"]
[EventType "swiss"]
[EventRounds "9"]
[EventCountry "IRI"]
[SourceTitle "CBM 200 Extra"]
[Source "ChessBase"]
[SourceDate "2021.03.31"]
[SourceVersion "1"]
[SourceVersionDate "2021.03.31"]
[SourceQuality "1"]

1. d4 d5 2. Nf3 Nf6 3. e3 e6 4. Bd3 b6 5. b3 Bb7 6. Bb2 Nbd7 7. Nbd2 Bd6 8. 0-0 0-0 9. Qe2 c5 10. e4 dxe4 11. Nxe4 Nxe4 12. Bxe4 Qc7 13. dxc5 Bxc5 14. Bxh7+ Kxh7 15. Qd3+ f5 16. Ng5+ Kh6 17. Nxe6 Qd6 18. Nxc5 Qxd3 19. Nxd3 Rac8 20. c4 Rfe8 21. Rae1 g5 22. f3 Kg6 23. Kf2 f4 24. Rd1 Rcd8 25. Nb4 Nb8 26. Nd5 Bxd5 27. cxd5 Nd7 28. Bd4 Nc5 29. Bxc5 bxc5 30. Rfe1 Kf5 31. Rxe8 Rxe8 32. d6 Rd8 33. g3 Ke6 34. gxf4 gxf4 35. Kg2 Rh8 36. d7 Rd8 37. Kh3 Rh8+ 38. Kg4 Rg8+ 39. Kxf4 Rf8+ 40. Ke4 Ke7 41. d8Q+ Rxd8 42. Rxd8 Kxd8 43. Kd5 1-0

[Event "IRI-ch U18"]
[Site "Chess.com INT"]
[Date "2021.01.26"]
[Round "1"]
[White "Mohammadi Azar, Soheil"]
[Black "Rahmani, Pedram"]
[Result "0-1"]
[WhiteElo "1321"]
[BlackElo "1872"]
[PlyCount "68"]
[EventDate "2021.01.26"]
[EventType "swiss"]
[EventRounds "9"]
[EventCountry "IRI"]
[SourceTitle "CBM 200 Extra"]
[Source "ChessBase"]
[SourceDate "2021.03.31"]
[SourceVersion "1"]
[SourceVersionDate "2021.03.31"]
[SourceQuality "1"]

1. e4 e6 2. d4 d5 3. exd5 exd5 4. Nf3 Bd6 5. Nc3 Ne7 6. Bd3 Bg4 7. h3 Bh5 8. Be2 Nbc6 9. Be3 Qd7 10. Qd2 a6 11. a3 h6 12. 0-0-0 0-0-0 13. Ne5 Bxe5 14. Bxh5 g6 15. Bf3 Bg7 16. Rhe1 Kb8 17. Na4 b6 18. Nc3 Na5 19. Be2 Ka7 20. b4 Nc4 21. Bxc4 dxc4 22. d5 Nf5 23. g4 Nxe3 24. Rxe3 h5 25. Rg3 hxg4 26. hxg4 Rde8 27. Ne2 Qa4 28. Kb1 Rh2 29. Nc1 a5 30. Rf3 c3 31. Qf4 Rc8 32. bxa5 Qxa3 33. Nd3 bxa5 34. Qc4 Rb8+ 0-1